Dictionnaire universel des contemporains (Record no. 166991)

MARC details
000 -LEADER
campo de control de longitud fija 00772nam a2200169 4500
001 - NÚMERO DE CONTROL
campo de control 166991
003 - IDENTIFICADOR DE NÚMERO DE CONTROL
campo de control ES-MaACL
005 - FECHA Y HORA DE LA ÚLTIMA TRANSACCIÓN
campo de control 20230906213434.0
008 - DATOS DE LONGITUD FIJA--INFORMACIÓN GENERAL
campo de control de longitud fija 950315s1858 fr d |||| | fre d
040 ## - FUENTE DE CATALOGACIÓN
Centro catalogador/agencia de origen EUS
Lengua de catalogación spa
Centro/agencia transcriptor EUS
100 1# - ENTRADA PRINCIPAL--NOMBRE DE PERSONA
Nombre de persona Vapereau, Gustave.
9 (RLIN) 133550
245 10 - MENCIÓN DEL TÍTULO
Título Dictionnaire universel des contemporains
Resto del título : contenant toutes les personnes notables de la France et des Pays Étrangers... /
Mención de responsabilidad, etc. ouvrage rédigé et continuellement tenu a jour avec le concours d'écrivains et de savants de tous les pays par G. Vapereau.
260 ## - PUBLICACIÓN, DISTRIBUCIÓN, ETC.
Lugar de publicación, distribución, etc. Paris :
Nombre del editor, distribuidor, etc. Librairie de L. Hachette et C\pie\s,
Fecha de publicación, distribución, etc. 1858 (
Fabricante Ch. Lahure et C\pie\s)
300 ## - DESCRIPCIÓN FÍSICA
Extensión XI, 1802 p. ;
Dimensiones 26 cm.
597 #1 - NOTA DE DESCRIPCIÓN FÍSICA
NOTA DE DESCRIPCIÓN FÍSICA Texto a dos col.
852 ## - LOCALIZACIÓN
Ubicación ES-MaACL
Número de control de estantería C-856-857
Nota libre -- Enc. pasta española
-- -- 1 t. en 2 v.
Holdings
Estatus retirado Estado de pérdida Estado de daño No para préstamo Colección Biblioteca de origen Biblioteca actual Ubicación en estantería Fecha de adquisición Fuente de adquisición Total de préstamos Signatura topográfica completa Código de barras Visto por última vez Precio de reemplazo Tipo de ítem Koha
        Libros del s. XIX Biblioteca del Ateneo de Madrid Biblioteca del Ateneo de Madrid Sala Palomar 17/01/2008     C-856-857 1175172 23/02/2023 23/02/2023 Libro impreso antiguo